00824nam a2200181 a 4500003000200000005001700002008004100019050003200060100003300092245013100125260009200256300004100348504004100389650004900430650004700479650004800526650006800574020250211105917.0120719s19uu xx 00 eng d aPGS LB 1044.87b.H546 2012  aHeringer, Deshawn Lyndell G. aComputer usage and listening skills of the grade 6 students of Southville International School /cDeshawn Lyndell G. Heringer. aLas Piñas City, Philippines : bSouthville International School and Colleges,c2012. a19 pages :billustrations ; c28 cm. aIncludes bibliographical references. aListening comprehensionvStudy and teaching. aListening skillsvDevelopment in children. aEducational technologyvImpact on learning. aElementary school studentsvComputer usage and academic skills.